| Tag |
First Indicator |
Second Indicator |
Subfields |
| LEADER |
00000cam a2200000 4500 |
| 001 |
in00000241421 |
| 005 |
20151010050434.0 |
| 008 |
770811s1964 caua b 00110 eng d |
| 010 |
|
|
|a 64016133
|
| 035 |
|
|
|a (OCoLC)03178925
|
| 035 |
|
|
|9 ABA9643AM
|
| 040 |
|
|
|a DLC
|c ISJ
|d TXA
|d UtOrBLW
|
| 049 |
|
|
|a TXAM
|c 1 [527542]
|c 2 [1137996]
|
| 050 |
0 |
0 |
|a DS821
|b .P55
|
| 082 |
0 |
|
|a 309.152
|
| 100 |
1 |
|
|a Plath, David W.
|
| 245 |
1 |
4 |
|a The after hours ;
|b modern Japan and the search for enjoyment /
|c [by] David W. Plath.
|
| 264 |
|
1 |
|a Berkeley :
|b University of California Press,
|c 1964.
|
| 300 |
|
|
|a xi, 222 pages :
|b illustrations
|
| 336 |
|
|
|a text
|b txt
|2 rdacontent
|
| 337 |
|
|
|a unmediated
|b n
|2 rdamedia
|
| 338 |
|
|
|a volume
|b nc
|2 rdacarrier
|
| 502 |
|
|
|a Based on thesis, Harvard University.
|
| 504 |
|
|
|a Bibliographical references included in "Notes" (pages [197]-216).
|
| 650 |
|
0 |
|a Recreation
|z Japan.
|
| 651 |
|
0 |
|a Japan
|x Social life and customs.
|
| 740 |
0 |
|
|a Modern Japan and the search for enjoyment.
|
| 999 |
|
|
|a MARS
|
| 999 |
f |
f |
|s cc773c27-d1a4-3eaa-a2dc-0a170ceff28f
|i cf1d0a07-43ff-3583-8c24-6d807b89ef6c
|t 0
|
| 952 |
f |
f |
|p ric
|a Texas A&M University
|b Rellis Campus
|c Joint Library Facility
|s JLF
|d Remote Storage
|t 0
|e DS821 .P55
|h Library of Congress classification
|i unmediated -- volume
|m A14802077979
|
| 998 |
f |
f |
|a DS821 .P55
|t 0
|l Remote Storage
|